| 000 | 00945nam a2200325 a 4500 | ||
|---|---|---|---|
| 003 | AR-BaBNM | ||
| 005 | 20251128204426.0 | ||
| 008 | 082120s2002 ||||||||||||||000 | spa|| | ||
| 040 | _cAR-BaBNM | ||
| 100 | 1 | _aPetty, Miguel | |
| 245 | 0 | 0 | _aAutoritarismo y participación |
| 260 |
_aBuenos Aires _bDocencia _c1986 |
||
| 300 | _a19 p. | ||
| 490 | 0 | _aCongreso Pedagógico. Compromiso y libertad | |
| 500 | _aContiene referencias bibliográficas en notas a pie de página | ||
| 650 | 4 | _aDEMOCRACIA | |
| 650 | 4 | _aAUTORIDAD DEL DOCENTE | |
| 650 | 4 | _aCOMPORTAMIENTO DEL DOCENTE | |
| 650 | 4 | _aLIDERAZGO | |
| 650 | 4 | _aRELACION ALUMNO-DOCENTE | |
| 650 | 4 | _aTOTALITARISMO | |
| 650 | 4 | _aFASCISMO | |
| 650 | 4 | _aNAZISMO | |
| 650 | 4 | _aTENDENCIAS DE LA POLITICA EDUCACIONAL | |
| 650 | 4 | _aSOCIOLOGIA DE LA EDUCACION | |
| 653 | _aPROBLEMAS EDUCATIVOS | ||
| 800 | 1 |
_aGómez de Mier, Eugenio _ecoordinador |
|
| 942 | _cBK | ||
| 998 | _csilvi | ||
| 999 |
_c7384 _d7384 |
||